| 000 | 01535cam a2200361 i 4500 | ||
|---|---|---|---|
| 001 | 30925 | ||
| 003 | Mx-PuUPA | ||
| 005 | 20260406110918.0 | ||
| 008 | 140415s2018 iluao gr 000 0 eng d | ||
| 020 |
_a9780867157635 _qempastado |
||
| 040 |
_cMx-PuUPA _aMx-PuUPA _bspa _dMx-PuUPA _erda |
||
| 041 | 0 | _aeng | |
| 100 | 1 |
_aTerry, Douglas A., _eautor _917962 |
|
| 245 | 1 | 0 |
_aEsthetic & restorative dentistry : _bmaterial selection & technique / _cDouglas A. Terry, Willi Geller |
| 246 | 3 |
_aEsthetic and restorative dentistry : _bmaterial selection and technique. |
|
| 250 | _aThird edition | ||
| 264 | 1 |
_aHanover Park, Il : _bQuintessence Publishing, _c©2018 |
|
| 300 |
_axiv, 776 páginas : _bilustraciones, fotografías (en color) ; _c32 cm |
||
| 336 |
_2rdacontent _atexto _btxt |
||
| 336 |
_2rdacontent _aimagen fija _bsti |
||
| 337 |
_2rdamedia _asin medio _bn |
||
| 338 |
_2rdacarrier _avolumen _bnc |
||
| 650 | 7 |
_2armarc _aOdontología _xEstética _vAtlas |
|
| 650 | 7 |
_2armarc _aImplantes dentales _vAtlas |
|
| 650 | 7 |
_2armarc _aOdontología operatoria _vAtlas |
|
| 650 | 7 |
_2armarc _aMateriales dentales _vAtlas |
|
| 700 | 1 |
_aGeller, Willi, _eautor |
|
| 942 |
_2ddc _cLI _h617.693 _iT35 |
||
| 999 |
_c30925 _d30925 |
||